| 000 | 00537nam a22001937a 4500 | ||
|---|---|---|---|
| 003 | KOHA_MİRAKIL | ||
| 005 | 20250411141625.0 | ||
| 008 | 250411b tu ||||| |||| 00| 0 tur d | ||
| 020 | _a9786053753704 | ||
| 040 |
_aTR-AnABB _btur _cTR-AnABB |
||
| 041 | _atur | ||
| 082 |
_a828.3354 _bNEA 2014 |
||
| 100 | 1 | _aStephenson, Neal, | |
| 245 | 1 | 0 |
_aMongoliad 2 / _cNeal Stephenson |
| 260 |
_aİstanbul : _bİthaki Yayınları, _c2014 |
||
| 300 |
_a438 sayfa ; _c20 cm |
||
| 650 | 0 | 4 | _aAmerikan edebiyatı, roman |
| 942 |
_2ddc _cBK |
||
| 999 |
_c8646 _d8646 |
||
| 900 | _bGizem YORULMAZ | ||